书目信息 |
| 题名: |
漫画技法宝典
|
|
| 作者: | ;褚天姿 译 ;NextCreator编辑部 编著 | |
| 分册: | ||
| 出版信息: | 北京 人民邮电出版社 2019.09 |
|
| 页数: | 199页 | |
| 开本: | 26cm | |
| 丛书名: | ||
| 单 册: | ||
| 中图分类: | J218.2 | |
| 科图分类: | ||
| 主题词: | 漫画--man hua--绘画技法--教材 | |
| 电子资源: | ||
| ISBN: | 978-7-115-49594-5 | |
| 000 | 01053nam0 2200253 450 | |
| 001 | 202020139499 | |
| 005 | 20200926181346.0 | |
| 010 | @a978-7-115-49594-5@dCNY69.80 | |
| 100 | @a20200916d2019 em y0chiy50 ea | |
| 101 | 1 | @achi |
| 102 | @aCN@b110000 | |
| 105 | @aa z 001yy | |
| 106 | @ar | |
| 200 | 1 | @a漫画技法宝典@Aman hua ji fa bao dian@e优动漫PAINT漫画上色教程@f(日) NextCreator编辑部编著@g褚天姿译 |
| 210 | @a北京@c人民邮电出版社@d2019.09 | |
| 215 | @a199页@c彩图@d26cm | |
| 330 | @a本书邀请了11位实力派专业画家用CLIPSTUDIO PAINT PRO彻底解说人物涂色技巧。整理了从“动漫涂色”“刷子涂色”“水彩涂色”等的基本涂色, 到“日式涂色”“模拟涂色”等富有个性的涂色, 甚至包括配色、效果技巧等涂色技巧, 并以事典形式介绍。 | |
| 517 | 1 | @a优动漫PAINT漫画上色教程@Ayou dong man PAINT man hua shang se jiao cheng |
| 606 | 0 | @a漫画@Aman hua@x绘画技法@j教材 |
| 690 | @aJ218.2@v5 | |
| 702 | 0 | @a褚天姿@Achu tian zi@4译 |
| 711 | 02 | @aNextCreator编辑部@ANextCreator bian ji bu@4编著 |
| 801 | 0 | @aCN@c20190904 |
| 905 | @a河南城建学院图书馆@dJ218.2@eC905 | |
| 漫画技法宝典:优动漫PAINT漫画上色教程/(日) NextCreator编辑部编著/褚天姿译.-北京:人民邮电出版社,2019.09 |
| 199页:彩图;26cm |
| ISBN 978-7-115-49594-5:CNY69.80 |
| 本书邀请了11位实力派专业画家用CLIPSTUDIO PAINT PRO彻底解说人物涂色技巧。整理了从“动漫涂色”“刷子涂色”“水彩涂色”等的基本涂色, 到“日式涂色”“模拟涂色”等富有个性的涂色, 甚至包括配色、效果技巧等涂色技巧, 并以事典形式介绍。 |
| ● |
| 相关链接 |
|
|
|
正题名:漫画技法宝典
索取号:J218.2/C905
 
预约/预借
| 序号 | 登录号 | 条形码 | 馆藏地/架位号 | 状态 | 备注 |
| 1 | 1489302 | 214893025 | 社科库309/309社科库 72排3列4层/ [索取号:J218.2/C905] | 在馆 | |
| 2 | 1489303 | 214893034 | 社科库309/309社科库 72排3列4层/ [索取号:J218.2/C905] | 在馆 |